| 000 | 00355nam a2200109 a 4500 | ||
|---|---|---|---|
| 001 | 000038905 | ||
| 005 | 20201002031420.0 | ||
| 008 | 130502s1998 000 spa d | ||
| 040 |
_aDO-SdBNP _bspa _cBNPHU |
||
| 245 | 1 | 0 | _aConvenio sobre la distribución de señales portadoras de programas transmitidas por satélite. |
| 260 |
_aGinebra -- OMPI, _c1998 -- 9 p. |
||
| 999 |
_c38395 _d38395 |
||